Motivación del aprendizaje y aprendizaje de motivos
Gardado en:
| Autor Principal: | |
|---|---|
| Formato: | Libro |
| Idioma: | Lingua castelá |
| Publicado: |
Madrid
Oriens
1980
|
| Series: | Hombres, sistemas, técnicas, 6
|
| Subjects: | |
| Tags: |
Engadir etiqueta
Sen Etiquetas, Sexa o primeiro en etiquetar este rexistro!
|
MARC
| LEADER | 00000nam a2200000 a 4500 | ||
|---|---|---|---|
| 001 | UCY6495 | ||
| 003 | CL-VaPUC | ||
| 008 | 950526e19800000SP |||||||||||||||||spa|d | ||
| 082 | 0 | 4 | |a 153.153 |b SCH |2 21 |
| 100 | 0 | |a Schiefele, Hans |e author |9 336446 | |
| 245 | 1 | 0 | |a Motivación del aprendizaje y aprendizaje de motivos |
| 246 | 1 | 0 | |a Fundamentos de una teoría de la motivación en las ciencias de la educación |
| 300 | |a 642 p | ||
| 942 | |c BK | ||
| 945 | |d 19950526 00:00:00 |a cmena | ||
| 260 | |a Madrid |b Oriens |c 1980 | ||
| 650 | 0 | |a Psicología |9 257863 | |
| 650 | 0 | |a Psicología educacional |9 307830 | |
| 650 | 0 | |a Motivación |9 315362 | |
| 650 | 0 | |a Aprendizaje |9 254827 | |
| 650 | 0 | |a Comportamiento |9 308406 | |
| 650 | 0 | |a Ego |9 310449 | |
| 650 | 7 | |a INVESTIGACION PSICOLOGICA |2 CL-VaPUC |9 309030 | |
| 650 | 0 | |a Psicoanálisis |9 265702 | |
| 650 | 0 | |a Interacción social |9 307764 | |
| 650 | 7 | |a CONDICION SOCIAL |2 CL-VaPUC |9 335103 | |
| 650 | 7 | |a RENDIMIENTO |2 CL-VaPUC |9 260872 | |
| 650 | 0 | |a Educación |9 258661 | |
| 583 | |a last modification |c 19950526 00:00:00 |k Rodrigo Vera | ||
| 490 | 0 | |a Hombres, sistemas, técnicas, 6 | |
| 999 | |c 234059 |d 234057 | ||
| 952 | |0 0 |1 0 |4 0 |6 153_153000000000000_SCH_1980 |7 0 |8 A |9 240011 |a BIBEDU |b BIBEDU |d 2019-11-18 |i 1510991 |l 4 |o 153.153 SCH 1980 |p 1510991 |r 2022-05-16 |s 2022-05-16 |w 2019-11-18 |y BK |k EDU | ||
| 952 | |0 0 |1 0 |4 0 |6 153_153000000000000_SCH_1980 |7 0 |8 A |9 240012 |a BIBEDU |b BIBEDU |d 2019-11-18 |i 1510967 |l 1 |o 153.153 SCH 1980 |p 1510967 |r 2022-04-27 |s 2022-04-11 |w 2019-11-18 |y BK |k EDU | ||
| 952 | |0 0 |1 0 |4 0 |6 153_153000000000000_SCH_1980 |7 0 |8 A |9 240013 |a BIBEDU |b BIBEDU |d 2019-11-18 |i 1602853 |o 153.153 SCH 1980 |p 1602853 |r 2019-11-18 |w 2019-11-18 |y BK |k EDU | ||